Policy in the Soviet bloc on aid to developing countries.
Saved in:
| Main Author: | |
|---|---|
| Format: | Book |
| Language: | English |
| Published: |
[Paris]
Development Centre of the Organization for Economic Co-operation and Development
[1969]
|
| Series: | Development Centre studies.
|
| Subjects: | |
| Tags: |
Add Tag
No Tags, Be the first to tag this record!
|
| LEADER | 00941cam a2200289 4500 | ||
|---|---|---|---|
| 001 | 005640065-9 | ||
| 005 | 20020606163548.3 | ||
| 008 | 700922s1969 fr b 000 0 eng | ||
| 010 | |a 71495663 //r894 | ||
| 015 | |a F*** | ||
| 020 | |a 0119202662 | ||
| 035 | 0 | |a ocm00108450 | |
| 040 | |a DLC |c DLC |d UKM |d HVL | ||
| 043 | |a ee----- |a e-ur--- |a d------ | ||
| 050 | 0 | |a HC60 |b .V36 | |
| 082 | |a 338.91/47/01724 | ||
| 100 | 1 | |a Vasilev, Vasil Atanasov. | |
| 245 | 1 | 0 | |a Policy in the Soviet bloc on aid to developing countries. |
| 260 | |a [Paris] |b Development Centre of the Organization for Economic Co-operation and Development |c [1969] | ||
| 300 | |a 106 p. |c 24 cm. | ||
| 490 | 1 | |a Development Centre studies | |
| 504 | |a Bibliography: p. 103-106. | ||
| 650 | 0 | |a Economic assistance, Soviet |z Developing countries. | |
| 651 | 0 | |a Europe, Eastern |x Foreign economic relations. | |
| 830 | 0 | |a Development Centre studies. | |
| 988 | |a 20020608 | ||
| 906 | |0 DLC | ||


